Zmeny určitých fyziologických ukazovateľov jabloní pri použití Alaru 85

Bibliographic Details
Main Author: Marenčík, Alojz, 1936- (Author)
Format: Article
Language:Slovak
PhysicalDescription:Tb. 2. Res. rus., angl.
Subjects:

MARC

LEADER 00000nab a2200000 a 4500
001 vtls000102030
003 SK-MaSNL
005 20260303192122.0
008 111031c1981 xo 0 slo
015 |a SNBRA19rr/mm-uuuuu 
035 |a CL0112133 
040 |a SNKBUCL  |b slo  |c SNKBUCL  |e AACR2 
041 0 |a slo 
044 |a xo  |c SK 
080 |a 634.1/.7  |2 1981 
080 |a 581.1  |2 1981 
080 |a 631.8  |2 1981 
100 1 |a Marenčík, Alojz,  |d 1936-  |4 aut  |9 7068 
245 1 0 |a Zmeny určitých fyziologických ukazovateľov jabloní pri použití Alaru 85  |c Alojz Marenčík 
300 |b Tb. 2. Res. rus., angl. 
650 0 7 |a ovocné stromy  |2 snkbucl  |9 70848 
650 0 7 |a jablone  |2 snkbucl  |9 14762 
650 0 7 |a bioregulátory  |2 snkbucl  |9 327392 
650 0 7 |a Alar 85  |2 snkbucl  |9 924871 
655 7 |a články zo zborníkov  |2 snkbucl  |9 166140 
773 0 |t Vedecké práce OP SEMEX Výskumného ústavu ovocných a okrasných drevín v Bojniciach 3  |d Bratislava : Príroda, 1981  |g S. 41-49 
850 |a Slovenská národná knižnica v Martine  |a MTA001 
852 |a SNK  |b KIS3GCP 
958 |a RK 
992 |a RZB 
999 |c 2144521  |d 2146451